000 00788nam a22002772 4500
001 23447
003 BD-RjUL
005 20211209000930.0
008 140310s1963 enkab 001 0 eng
035 _a(BD-RjUL)23512
040 _aDLC
_cIAZ
_dBD-RjUL
_beng
041 _aeng
082 0 4 _a916
_218
_bSHA 1963
100 1 _aSherriff, D. A.
_q(David Allan)
_972211
245 1 0 _aAfrica /
_cby D. A. Sherriff.
250 _a2nd ed.
260 _aLondon :
_bOxford University Press,
_c1963.
300 _a95 p. :
_billus., col. maps. ;
_c26 cm.
490 1 _aOxford visual geographies
504 _aIncludes index.
651 0 _aAfrica
_xDescription and travel.
_9543
830 0 _aOxford visual geographies
_972213
942 _2ddc
_cBK
999 _c23447
_d23447